| 000 | 00699nam a2200205Ia 4500 | ||
|---|---|---|---|
| 001 | 10210 | ||
| 003 | GE_BSU | ||
| 008 | 181216s||||||||xx |||||||||||||| ||und|| | ||
| 040 | _cGE_BSU | ||
| 080 | _a821.353.1–32 | ||
| 100 | _aსულაკაური,არჩილ | ||
| 245 | _aერთტომეული.მოთხრობები | ||
| 245 | _cრედ.ლ.ბრეგვაძე,მხატვ.ნ.ჭურღულია | ||
| 260 | _aთბილისი | ||
| 260 | _bსაბჭოთა საქართველო | ||
| 260 | _c1983 | ||
| 300 | _a730გვ.,22სმ. | ||
| 653 | _aერთტომეული.მოთხრობები | ||
| 942 | _cBK | ||
| 999 |
_c43479 _d43479 |
||